Statistiques concernant Quelle capitale européenne ?

Cliquez ici pour prendre le quiz!

Statistiques générales

  • Ce quiz a été pris 15 542 fois
  • Le résultat moyen est 12 sur 20

Statistiques - réponses

IndiceCapitale% Correct
Selon la légende, elle aurait été fondée par Romulus en 753 av. J-C.Rome
99%
Contient quatre lettres, parmi lesquelles deux sont des "O".Oslo
87%
Ville où est mort Mozart à l'âge de 35 ans.Vienne
86%
Les six aéroports qui desservent cette ville forment le système
aéroportuaire le plus fréquenté au monde.
Londres
80%
S'y déroule le braquage de la série La Casa de papel.Madrid
78%
On peut y admirer la statue d'un garçon en train de faire pipi.Bruxelles
77%
Ville où est apparu le concept de démocratie.Athènes
70%
Un "téléphone rouge" reliait cette ville à Washington.Moscou
68%
Avant la 2nde Guerre mondiale, elle abritait la plus grande communauté
juive d'Europe.
Varsovie
68%
Possède cinq répliques de la Statue de la Liberté.
Paris
67%
Surnommée la "Venise du Nord", elle compte environ 90 îles et 1200 ponts.Amsterdam
65%
Dernière capitale européenne dans l'ordre alphabétique.Zagreb
58%
Ses tramways jaunes attirent l'attention des touristes.Lisbonne
56%
On peut observer dans son port une statue de la Petite Sirène.
Copenhague
54%
Kennedy s'est comparé à un type de beignet à la gelée portant
le nom de cette ville.
Berlin
42%
Quatre des cinq prix Nobel sont décernés dans cette ville.Stockholm
41%
Fondée par Vlad l'Empaleur en 1459.Bucarest
37%
Elle a accueilli les Jeux olympiques d'hiver de 1984. Quelques années
plus tard, c'était une zone de guerre.
Sarajevo
32%
Aussi connu sous le nom de Baile Átha Cliath.Dublin
22%
A connu trois défenestrations notables.Prague
21%

Distribution des résultats

Percentile par nombre de réponses

% des personnes avec chaque résultat

Votre développement - résultats

Vous n’avez pas pris ce quiz